| 000 | 00499nam a22001931a 4500 | ||
|---|---|---|---|
| 001 | 867 | ||
| 003 | OSt | ||
| 005 | 20260204211712.0 | ||
| 008 | 040114s1997||||dr ||||||b||||||||||spa|| | ||
| 050 | _aRD 344.01 H43m | ||
| 082 | _aRD 344.01 H431m | ||
| 100 | _aHernández Rueda, Lupo | ||
| 245 | _aManual de derecho del trabajo / Lupo Hernández Rueda | ||
| 250 | _a7 | ||
| 264 | _aSanto Domingo : Dalis | ||
| 300 | _a658 p. | ||
| 650 | _a1.Derecho Laboral 2.Derecho del TrabajoÌ | ||
| 942 |
_2ddc _cBK |
||
| 999 |
_c867 _d867 |
||